Statistics for Kendall Jenner Filmography

Click here to take the quiz!

General Stats

  • This quiz has been taken 38 times
    (10 since last reset)
  • The average score is 8 of 47

Answer Stats

TypeYearName% Correct
TV Show2007-2021Keeping Up with the Kardashians
100%
Web Series2022-PresentThe Kardashians
75%
Music Video2018Freaky Friday
38%
TV Show2015I Am Cait
25%
TV Show2011Khloé & Lamar
25%
TV Show2010Kourtney and Khloé Take Miami
25%
TV Show2011Kourtney and Kim Take New York
25%
Film2018Ocean's 8
25%
Award Show20152015 Billboard Music Awards
13%
Award Show20162016 MTV Movie Awards
13%
Commercial2017Adidas
13%
TV Show2012America's Next Top Model
13%
Commercial2014Beats
13%
Music Video2010Blacklight
13%
TV Show2018Carpool Karaoke
13%
TV Show2021Celebrity IOU
13%
TV Show2021Dave
13%
TV Show2024Dora the Explorer
13%
Music Video2017Enchanté (Carine)
13%
Commercial2015-2016Estee Lauder
13%
Documentary Series2008E! True Hollywood Story
13%
TV Show2012Fashion Police
13%
TV Show2012Hawaii Five-0
13%
Music Video2016I'm Yours
13%
Music Video2019I Think
13%
Documentary Series2020Justin Bieber: Seasons
13%
Web Series2020Kirby Jenner
13%
Documentary2020Kylie Jenner: Billion Dollar Baby
13%
TV Show2014-2017Love Advent
13%
TV Show2012Million Dollar Closets
13%
Short Film2021Online Win
13%
Commercial2019Proactiv
13%
Music Video2014Recognize
13%
TV Show2014Ridiculousness
13%
TV Show2016Rob & Chyna
13%
Short Film2016Sixteen Kendall
13%
Music Video2020Stuck with U
13%
Concert Film2015Taylor Swift: The 1989 World Tour Concert Film
13%
TV Show2013The High Fructose Adventures of Annoying Orange
13%
Documentary2020The Kardashians: Reality Royalty
13%
TV Special2015Victoria's Secret Fashion Show 2015
13%
TV Special2016Victoria's Secret Fashion Show 2016
13%
Music Video2016Where's the Love?
13%
Music Video2017Wild Love
13%
Award Show20142014 Much Music Video Awards
0%
Film2017Double Dutchess: Seeing Double
0%
TV Show2016The Fashion Fund
0%

Score Distribution

Percentile by Number Answered

Percent of People with Each Score

Your Score History

You have not taken this quiz since the last reset